៩ គន្លឺះសម្រាប់ត្រៀមខ្លួនក្លាយជាឪពុកម្តាយគេ / (Record no. 10154)

MARC details
000 -LEADER
fixed length control field 02353nam a22002537a 4500
001 - CONTROL NUMBER
control field 10154
003 - CONTROL NUMBER IDENTIFIER
control field FISKH
005 - DATE AND TIME OF LATEST TRANSACTION
control field 20260428112118.0
008 - FIXED-LENGTH DATA ELEMENTS--GENERAL INFORMATION
fixed length control field 260428b cb ||||| |||| 00| 0 eng d
020 ## - INTERNATIONAL STANDARD BOOK NUMBER
International Standard Book Number 9789924342267
040 ## - CATALOGING SOURCE
Original cataloging agency FISKH
Language of cataloging khr
Transcribing agency FISKH
Modifying agency FISKH
082 ## - DEWEY DECIMAL CLASSIFICATION NUMBER
Classification number 649.1
100 ## - MAIN ENTRY--PERSONAL NAME
Personal name Rotana , Lach
245 ## - TITLE STATEMENT
Title ៩ គន្លឺះសម្រាប់ត្រៀមខ្លួនក្លាយជាឪពុកម្តាយគេ /
Statement of responsibility, etc. អ្នកនិពន្ធ ឡាច រតនា​
260 ## - PUBLICATION, DISTRIBUTION, ETC.
Place of publication, distribution, etc. Phnom Penh :
Name of publisher, distributor, etc. Sipar ,
Date of publication, distribution, etc. 2025 .
300 ## - PHYSICAL DESCRIPTION
Extent 50 pages :
Other physical details color illustrations ;
Dimensions 21 cm .
490 ## - SERIES STATEMENT
Series statement បំនិនជីវិត
520 ## - SUMMARY, ETC.
Summary, etc. ការក្លាយជាឪពុកម្តាយជារបត់មួយយ៉ាងធំក្នុងជីវិត ដែលតម្រូវអោយមានការត្រៀមលក្ខណះច្រើន ទាំងផ្លូវកាយ ផ្លូវចិត្ត និងថវិការ ។ សៀវភៅនេះមិនត្រឹមតែបង្រៀនអោយម្តាយឪពុកចេះស្រឡាញ់កូនតែម្យ៉ាងប៉ុណ្ណោះទេ ប៉ុន្តែមានពន្យល់របៀបរបបជាច្រើនទៀតដើម្បីមើលថែអោយកូនលូតលាស់ទាំងរាងកាយ និងប្រាជ្ញាស្មារតី ព្រមទាំងបង្ហាញគន្លឺះចាំបាច់សម្រាប់ការចិញ្ចឹមកូនប្រកបដោយភាពវិជ្ជមាននិងស្រមតាមសម័យកាលជឿនលឿននៃពិភពលោក​ ។
520 ## - SUMMARY, ETC.
Summary, etc. Becoming a parent is a major turning point in life that requires thorough preparation—physically, mentally, and financially. This book not only teaches parents how to love their children, but also explains many practical approaches to care for them so they can grow both physically and intellectually. It also provides essential tips for raising children in a positive way that aligns with the modern, rapidly advancing world.
650 ## - SUBJECT ADDED ENTRY--TOPICAL TERM
Topical term or geographic name entry element ការចិញ្ចឹមកូន
650 ## - SUBJECT ADDED ENTRY--TOPICAL TERM
Topical term or geographic name entry element Child rearing
942 ## - ADDED ENTRY ELEMENTS (KOHA)
Source of classification or shelving scheme Dewey Decimal Classification
Koha item type Khmer Books
Suppress in OPAC No
Holdings
Withdrawn status Lost status Source of classification or shelving scheme Damaged status Not for loan Collection Home library Current library Shelving location Date acquired Total Checkouts Full call number Barcode Date last seen Copy number Price effective from Koha item type
    Dewey Decimal Classification     Khmer Language Books / សៀវភៅភាសាខ្មែរ Footprints International School Library Network Toul Tom Poung Campus Footprints International School Library Network Toul Tom Poung Campus TTP Secondary Khmer Bookshelves 04/28/2026   RAT 649.1 2026-0548 04/28/2026 1 04/28/2026 Khmer Books
    Dewey Decimal Classification     Khmer Language Books / សៀវភៅភាសាខ្មែរ Footprints International School Library Network Toul Tom Poung Campus Footprints International School Library Network Toul Tom Poung Campus TTP Secondary Khmer Bookshelves 04/28/2026   RAT 649.1 2026-0549 04/28/2026 2 04/28/2026 Khmer Books